000 00472nam a2200169Ia 4500
005 20250508153027.0
008 008 250505s9999 xx 000 0 eng d
037 _aTextual
040 _aFEDL
_beng
_cFEDL
041 _aeng
_2eng
084 _a309.20954, IND
_qFEDL
245 0 _aAchievements of planning
260 _aNew Delhi, India
_bPublications Division
_c1960
300 _a43p.
942 _cTEXL
_h309.20954, IND
999 _c1340239
_d1340239